Locations of Irish Dancing World Championships - Statistics

General Stats
  • This quiz has been taken 90 times
  • The average score is 29 of 49
Answer Stats
Year Answer % Correct
1970 Dublin
97%
1971 Dublin
97%
1972 Dublin
97%
1973 Dublin
97%
1974 Dublin
97%
1975 Dublin
97%
1976 Dublin
97%
1977 Dublin
97%
1978 Dublin
97%
1979 Dublin
97%
1983 Dublin
97%
1994 Dublin
97%
1996 Dublin
97%
2011 Dublin
97%
2017 Dublin
97%
2002 Glasgow
82%
2007 Glasgow
82%
2010 Glasgow
82%
2016 Glasgow
82%
2018 Glasgow
82%
2014 London
80%
2000 Belfast
77%
2004 Belfast
77%
2006 Belfast
77%
2008 Belfast
77%
2012 Belfast
77%
2015 Montreal
52%
1984 Cork City
46%
1990 Cork City
46%
2013 Boston
45%
1982 Galway
42%
1987 Galway
42%
1988 Galway
42%
1989 Galway
42%
1995 Galway
42%
1997 Galway
42%
2003 Killarney
37%
1986 Limerick City
20%
1991 Limerick City
20%
2009 Philadelphia
18%
1998 Ennis
12%
1999 Ennis
12%
2005 Ennis
12%
1980 Dún Laoghaire
5%
1981 Dún Laoghaire
5%
1993 Mosney
3%
1992 Limerick City
2%
1985 Malahide
2%
2001 Cancelled
0%
No matching quizzes found
Score Distribution
Percent of People with Each Score
Percentile by Number Answered
Your Score History
You have not taken this quiz